• 首页
  • 本馆介绍
  • 公告通知
  • 最新文献
  • 馆藏检索
  • 电子资源
  • 读者导购
  • 参考咨询
  • 我的图书馆
  • 登录
  • 详细信息显示
  • 放入我的书架
  • 预约/预借图书
  • 作者相关作品
  • 分类相关作品
  • 丛书相关作品
  • 出版社相关作品

书目信息

  • 表格格式
  • 工作单格式
  • 卡片格式
题名:
金属材料层工
    
 
作者: 王松
分册:  
出版信息: 武汉   中国建材工业出版社  2011.05
页数: 422页
开本: 26cm
丛书名:
单 册:
中图分类: TG17
科图分类:
主题词: 腐蚀 , 金属表面 , 金属表面清理
电子资源:
ISBN: 978-7-80227-899-8
000 00632nam0 2200229 450
001 892
005 20160912084251.42
010    @a978-7-80227-899-8@b平装@dCNY68.00
100    @a20160724d2011 km y0chiy0120 ea
101 0  @achi
102    @aCN@b420000
200 1  @a金属材料层工@Ajin shu cai liao ceng gong@f王松@Fwang song
210    @a武汉@c中国建材工业出版社@d2011.05
215    @a422页@d26cm
330    @a金属材料·涂层·技术培训·教材
606 0  @a腐蚀
606 0  @a金属表面
606 0  @a金属表面清理
690    @aTG17@v4
701  0 @a王松@Awang song
801  0 @aCN@b唐山师范学院图书馆@c20160724
905    @aZUCC@dTG17@e56
    
    金属材料层工/王松.-武汉:中国建材工业出版社,2011.05
    422页;26cm
    
    
    ISBN 978-7-80227-899-8(平装):CNY68.00
    金属材料·涂层·技术培训·教材
●
相关链接 在E读中查询图书 在五车中查询图书 在当当中查询图书 在豆瓣中查询图书


正题名:金属材料层工     索取号:TG17/56         预约/预借

序号 登录号 条形码 馆藏地/架位号 状态 备注
1 903892   209038922   第二样本阅览室/ [索取号:TG17/56] 在馆    
2 903893   209038931   第三借阅区/ [索取号:TG17/56] 在馆    
3 903894   209038940   第三借阅区/ [索取号:TG17/56] 在馆    
唐山师范学院图书馆 欢迎您!
大连网信软件有限公司© 版权所有